000 00830nmm a2200253 a 4500
001 ocm000701945
003 TR-IsHL
005 20201028135641.0
008 131209s2000 tu tur
007 cr cn
035 _a701945
_b(N$T)
050 0 4 _aHF1414.C56
_bO98 2000
090 0 4 _aHF1414.C56
_bO98 2000
245 1 0 _aOyuncak sektör raporu
_h[electronic resource] /
_chaz. A. Nilay Kırmanlı
260 _aİstanbul :
_bİstanbul Ticaret Odası,
_c2000
300 _a33 p.
650 4 _aEkonomi ve Finans
650 4 _aEconomics and Finance
650 0 _aOyuncak endüstrisi
650 0 _aToys industry
650 7 _aBUSINESS & ECONOMICS / Industries / General
_2bisacsh
700 1 _aKırmanlı, A. Nilay
856 4 0 _uhttp://search.ebscohost.com/login.aspx?direct=true&scope=site&db=e011xww&AN=701945
999 _c6857
_d6857